Ceny plynu sa priblížili reálnym nákladom

Unikátna plynofikácia Slovenska. Podiel zemného plynu na spotrebe primárnych zdrojov energie. Vplyv úpravy predajných cien pre domácnosti na výdaje na Slovensku. Ceny plynu v susedných štátoch. Situácia v Českej republike.

Enregistré dans:
Détails bibliographiques
Auteur principal: Repta, Tibor
Format: Chapitre de livre
Langue:slovaque
Sujets:
Tags: Ajouter un tag
Pas de tags, Soyez le premier à ajouter un tag!

MARC

LEADER 00000naa a2200000 4500
001 r035498
005 20230606075456.3
041 0 |a slo 
044 |a SK 
245 1 0 |a Ceny plynu sa priblížili reálnym nákladom  |c Tibor Repta 
520 |a Unikátna plynofikácia Slovenska. Podiel zemného plynu na spotrebe primárnych zdrojov energie. Vplyv úpravy predajných cien pre domácnosti na výdaje na Slovensku. Ceny plynu v susedných štátoch. Situácia v Českej republike. 
610 2 0 |a plyn 
610 2 0 |a spotreba energie 
610 2 0 |a ceny 
610 2 0 |a náklady 
610 2 0 |a Slovensko 
610 2 0 |a Česko 
100 1 |a Repta, Tibor